Bibliography of New Mexico geology and mineral technology, 1961-1965. (Record no. 30341)
[ view plain ]
| 000 -LEADER | |
|---|---|
| fixed length control field | 00835nam a22002171 4500 |
| 001 - CONTROL NUMBER | |
| control field | gs 67000227 |
| 003 - CONTROL NUMBER IDENTIFIER | |
| control field | DLC |
| 005 - DATE AND TIME OF LATEST TRANSACTION | |
| control field | 20260227111421.0 |
| 008 - FIXED-LENGTH DATA ELEMENTS--GENERAL INFORMATION | |
| fixed length control field | 901011s1966 nmu s00000 eng |
| 010 ## - LIBRARY OF CONGRESS CONTROL NUMBER | |
| LC control number | gs 67000227 |
| 040 ## - CATALOGING SOURCE | |
| Original cataloging agency | U.S. Geol. Survey/DLC |
| Transcribing agency | DLC |
| 050 00 - LIBRARY OF CONGRESS CALL NUMBER | |
| Classification number | TN24.N6 |
| Item number | A232 no. 90 |
| 100 10 - MAIN ENTRY--PERSONAL NAME | |
| Personal name | Ray, Teri. |
| 245 10 - TITLE STATEMENT | |
| Title | Bibliography of New Mexico geology and mineral technology, 1961-1965. |
| 260 0# - PUBLICATION, DISTRIBUTION, ETC. | |
| Place of publication, distribution, etc. | Socorro, |
| Name of publisher, distributor, etc. | State Bureau of Mines and Mineral Resources, New Mexico Institute of Mining & Technology, |
| Date of publication, distribution, etc. | 1966. |
| 300 ## - PHYSICAL DESCRIPTION | |
| Extent | 124 p. |
| Dimensions | 23 cm. |
| 490 1# - SERIES STATEMENT | |
| Series statement | State Bureau of Mines and Mineral Resources ; |
| Volume/sequential designation | Bulletin 90 |
| 650 #0 - SUBJECT ADDED ENTRY--TOPICAL TERM | |
| Topical term or geographic name entry element | Geology |
| Geographic subdivision | New Mexico |
| General subdivision | Bibliography. |
| 650 #0 - SUBJECT ADDED ENTRY--TOPICAL TERM | |
| Topical term or geographic name entry element | Mines and mineral resources |
| Geographic subdivision | New Mexico |
| General subdivision | Bibliography. |
| 830 #0 - SERIES ADDED ENTRY--UNIFORM TITLE | |
| Uniform title | Bulletin (New Mexico. Bureau of Mines and Mineral Resources) ; |
| Volume/sequential designation | 90. |
No items available.